Lectures on mechanics /
Guardado en:
| Autor Principal: | |
|---|---|
| Formato: | Libro |
| Idioma: | English |
| Publicado: |
Cambridge [England] ; New York :
Cambridge University Press,
1992.
|
| Series: | London Mathematical Society lecture note series ;
174 |
| Materias: | |
| Acceso en línea: | Publisher description |
| Etiquetas: |
Agregar Etiqueta
Sin Etiquetas, Sea el primero en etiquetar este registro!
|
| LEADER | 01244cam a2200253 a 4500 | ||
|---|---|---|---|
| 001 | MAT.inmabb006674 | ||
| 008 | 930113s1992####enka#####b####001#0#eng## | ||
| 005 | 20151015173618.0 | ||
| 245 | 1 | 0 | |a Lectures on mechanics / |c Jerrold E. Marsden. |
| 260 | |a Cambridge [England] ; |a New York : |b Cambridge University Press, |c 1992. | ||
| 300 | |a xi, 254 p. : |b il. ; |c 23 cm. | ||
| 440 | 0 | |a London Mathematical Society lecture note series ; |v 174 | |
| 504 | |a Incluye referencias bibliográficas (p. 225-249) e índice. | ||
| 505 | 0 | |a 1. Introduction -- 2. A crash course in geometric mechanics -- 3. Cotangent bundle reduction -- 4. Relative equilibria -- 5. The energy-momentum method -- 6. Geometric phases -- 7. Stabilization and control -- 8. Discrete reduction -- 9. Mechanical integrators -- 10. Hamiltonian bifurcations. | |
| 510 | 4 | |a MR, |c 93f:58078 | |
| 020 | |a 0521428440 | ||
| 100 | 1 | |a Marsden, Jerrold E. | |
| 650 | 0 | |a Mechanics, Analytic. | |
| 084 | |a 58F05 (58-02 58F07 58F14 70-02 70H05 70H33) |2 MR | ||
| 010 | |a 93104026 | ||
| 040 | |a DLC |c DLC |d DLC | ||
| 856 | 4 | 2 | |3 Publisher description |u http://www.loc.gov/catdir/description/cam026/93104026.html |
| 859 | |h 70 |i M364 |p A-8808 |b BIB. MATEMATICA | ||
| 859 | |h 70 |i M364 |p A-8897 |t Ej. 2 |b BIB. MATEMATICA | ||
